000 00336nam a22001457a 4500
008 210607b ||||| |||| 00| 0 eng d
020 _a9781260507058
041 _aeng
080 _211th
_a330.101.541
082 _a330.101.541
100 _a52
101 _aMAKRO
245 _aMacroeconomics
_cDavid C. Colander
942 _2udc
_cBK
999 _c58033
_d58033